Thai horse /

Bibliographic Details
Main Author: Diehl, William
Format: Book
Language:English
Published: New York : Villard Books, 1988
Subjects:

MARC

Tag First Indicator Second Indicator Subfields
LEADER 00000cam a2200000 a 4500
001 in00000020539
005 20151007053943.0
008 870331c19881987nyu 00011 eng
010 |a  86040345  
020 |a 0394546288 
035 |a (OCoLC)15551692 
035 |9 AAB3462AM 
040 |a DLC  |c DLC  |d TXA  |d UtOrBLW 
043 |a a-vt--- 
049 |a TXAM  |c [A11062664] 
050 0 0 |a PS3554.I345  |b T45 1987 
050 4 |a PS3554.I345  |b T45 1988 
082 0 |a 813/.54  |2 19 
100 1 |a Diehl, William. 
245 1 0 |a Thai horse /  |c William Diehl. 
264 1 |a New York :  |b Villard Books,  |c 1988 
264 4 |c ©1987 
300 |a 451 pages ;  |c 24 cm. 
336 |a text  |b txt  |2 rdacontent 
337 |a unmediated  |b n  |2 rdamedia 
338 |a volume  |b nc  |2 rdacarrier 
650 0 |a Vietnam War, 1961-1975  |v Fiction. 
999 |a MARS 
999 f f |s add194ef-6774-39af-a104-d383836a4f74  |i 93adf031-da04-39c1-8414-e23d985a798a  |t 0 
952 f f |p ric  |a Texas A&M University  |b Rellis Campus  |c Joint Library Facility  |d Remote Storage  |t 0  |e PS3554.I345 T45 1988  |h Library of Congress classification  |i unmediated -- volume  |m A14811062664 
998 f f |a PS3554.I345 T45 1988  |t 0  |l Remote Storage